A Primer on Scientific Programming with Python /

Introducción a la programación que se sirve del lenguaje Python para presentar los elementos básicos del proceso, con ejemplos tomados de las ciencias naturales, de las matemáticas y de finanzas.

Guardado en:
Detalles Bibliográficos
Autor principal: Langtangen, Hans Petter (autor)
Formato: Libro
Idioma:Inglés
Publicado: Berlín, Alemania : Springer, 2016, c2016
Edición:5a edición
Colección:(Texts in Computational Science and Engineering ; 6)
Temas:
Etiquetas: Agrega una etiqueta
Sin etiquetas, Sé el primero en etiquetar este registro!

MARC

LEADER 00000nam^a2200000^a^4500
001 000384346
005 20250521000000.0
009 20260310120902.727
020 |a 978-3-662-49886-6 
037 |a Acervo ITESO - Biblioteca 
041 |a ING 
082 |a 005. 133  |b LAN 
100 |a Langtangen, Hans Petter  |e (autor) 
245 1 2 |a A Primer on Scientific Programming with Python /  |c H.P. Langtangen. 
250 |a 5a edición 
264 4 |a Berlín, Alemania :  |b Springer,  |c 2016, c2016 
300 |a XXXI, 914 p. 
336 |a texto  |b txt  |2 rdacontenido 
337 |a sin mediación  |b n  |2 rdamedio 
338 |a volumen  |b nc  |2 rdasoporte 
440 1 |a (Texts in Computational Science and Engineering ;  |v 6) 
520 |a Introducción a la programación que se sirve del lenguaje Python para presentar los elementos básicos del proceso, con ejemplos tomados de las ciencias naturales, de las matemáticas y de finanzas. 
521 |a Peticiones 2016 Juan Diego Sánchez Torres 
649 |a XX 
650 |a Lenguajes de Programación -  |x Tema Principal 
650 |a Programación Orientada a Objetos 
650 |a Programación (Software) 
650 |a Desarrollo de Sistemas 
650 |a Sistemas Computacionales 
650 |a Ingeniería Computacional 
910 |a Fondo General 
920 |a Impresos - Libros 
930 |a Colección General 
905 |a 101 
901 |a 0500278600  |b IT1  |c ACC  |i C152480  |u 20250521 
902 |a https://opac.biblio.iteso.mx/vufind/Record/000384346